000 00604cam a22002411 4500
001 sa 66005587
003 DLC
005 20260227112250.0
008 890619s1965 ii b 000 0 beno
010 _asa 66005587
035 _a(OCoLC)19896868
040 _aDLC
_cWaU
_dDLC
042 _apremarc
043 _aa-ii---
050 0 0 _aDS461
_b.D3
100 1 _aDatta, Nārāẏaṇa.
245 1 0 _aDarabārī kānāṛā.
260 _c[1965]
300 _a161, [1] p.
_c23 cm.
500 _aIn Bengali.
504 _aBibliography: p. [162]
651 0 _aMogul Empire
_xSocial life and customs.
999 _c70027
_d70027